Marketingová strategie podniku

Salvato in:
Dettagli Bibliografici
Autore principale: Tomek, Jan
Natura: Libro
Lingua:ceco
Pubblicazione: Praha Management Press 1992
Edizione:1. vyd.
Soggetti:
Tags: Aggiungi Tag
Nessun Tag, puoi essere il primo ad aggiungerne!!

MARC

LEADER 00000nam a2200000 4500
001 c001455
005 20221206083351.7
020 |a 80-85603-03-9 
041 0 |a cze 
044 |a CZ 
245 1 0 |a Marketingová strategie podniku  |c Jan Tomek a kol. 
250 |a 1. vyd. 
264 1 |a Praha  |b Management Press  |c 1992 
300 |a 179 s. 
610 2 0 |a marketing 
610 2 0 |a trh 
610 2 0 |a dopyt 
610 2 0 |a modely matematické 
610 2 0 |a modely dopytu 
610 2 0 |a výskum trhu 
610 2 0 |a odbyt 
610 2 0 |a veľkoobchod 
610 2 0 |a maloobchod 
610 2 0 |a logistika 
610 2 0 |a stratégia podniková 
100 1 |a Tomek, Jan